Česko-německý, německo-český pedagogicko-psychologický slovník
Saved in:
| Main Authors | , |
|---|---|
| Format | Book |
| Language | Czech German |
| Published |
Olomouc :
Nakladatelství Olomouc : Vydavatelství Univerzity Palackého,
2000
|
| Edition | 1. vyd. |
| Subjects | |
| ISBN | 8071820911 80-7182-068-7 |
| Physical Description | 206 s. ; 22 cm |
| LEADER | 00000cam a2200000 a 4500 | ||
|---|---|---|---|
| 001 | 33845 | ||
| 003 | CZ-ZlUTB | ||
| 005 | 20190826000335.0 | ||
| 007 | ta | ||
| 008 | 000128s2000 xr e d 000 0 cze d | ||
| 015 | |a cnb000786664 | ||
| 020 | |a 8071820911 |q (váz.) |z 80-7182-068-7 | ||
| 035 | |a (OCoLC)76541861 | ||
| 040 | |a ABA001 |b cze |d ZLD002 | ||
| 041 | 0 | |a cze |a ger | |
| 072 | 7 | |a 37 |x Výchova a vzdělávání |2 Konspekt |9 22 | |
| 072 | 7 | |a 81 |x Lingvistika. Jazyky |2 Konspekt |9 11 | |
| 080 | |a 37.01 |2 MRF | ||
| 080 | |a 159.9 |2 MRF | ||
| 080 | |a 811.162.3 |2 MRF | ||
| 080 | |a 811.112.2 |2 MRF | ||
| 080 | |a 81’373.46 |2 MRF | ||
| 080 | |a 81'374.8-022.215 |2 MRF | ||
| 080 | |a (038)81 |2 MRF | ||
| 100 | 1 | |a Poláková, Jenny, |d 1946- |7 ola2002143780 |4 aut | |
| 245 | 1 | 0 | |a Česko-německý, německo-český pedagogicko-psychologický slovník / |c Jenny Poláková, Alena Nelešovská |
| 250 | |a 1. vyd. | ||
| 260 | |a Olomouc : |b Nakladatelství Olomouc : |b Vydavatelství Univerzity Palackého, |c 2000 | ||
| 300 | |a 206 s. ; |c 22 cm | ||
| 504 | |a Obsahuje bibliografii | ||
| 650 | 0 | 7 | |a pedagogika |7 ph115703 |2 czenas |
| 650 | 0 | 7 | |a psychologie |7 ph115948 |2 czenas |
| 650 | 0 | 7 | |a čeština |7 ph135292 |2 czenas |
| 650 | 0 | 7 | |a němčina |7 ph115512 |2 czenas |
| 650 | 0 | 7 | |a oborová terminologie |7 ph138998 |2 czenas |
| 650 | 0 | 9 | |a educational science |2 eczenas |
| 650 | 0 | 9 | |a psychology |2 eczenas |
| 650 | 0 | 9 | |a Czech language |2 eczenas |
| 650 | 0 | 9 | |a German language |2 eczenas |
| 650 | 0 | 9 | |a terminology (professional) |2 eczenas |
| 655 | 7 | |a dvojjazyčné překladové slovníky |7 fd208746 |2 czenas | |
| 655 | 7 | |a terminologické slovníky |7 fd202538 |2 czenas | |
| 655 | 9 | |a bilingual translation dictionaries |2 eczenas | |
| 655 | 9 | |a terminological dictionaries |2 eczenas | |
| 700 | 1 | |a Nelešovská, Alena, |d 1950-2017 |7 jn20010310262 |4 aut | |
| 910 | |a ZLD002 | ||
| 952 | |0 0 |1 0 |4 0 |6 3703POLÁKOVÁJ |7 0 |8 BOOK |9 77920 |a UTBZL |b UTBZL |c 005 |d 2007-11-30 |i 420010110458 |l 0 |o 37(03)/POLÁKOVÁ,J. |p 420010113182 |r 2019-08-26 00:00:00 |v 250.00 |w 2019-08-26 |x N:nákup | 20100831 |y 01 | ||
| 952 | |0 0 |1 0 |4 0 |6 3703POLÁKOVÁJ |7 0 |8 BOOK |9 77921 |a UTBZL |b UTBZL |c 006 |d 2007-11-30 |i 420010110458 |l 1 |o 37(03)/POLÁKOVÁ,J. |p 420010113180 |r 2019-08-26 00:00:00 |v 250.00 |w 2019-08-26 |x N:nákup | 20100831 |y 04 | ||
| 952 | |0 0 |1 0 |4 0 |6 3703POLÁKOVÁJ |7 0 |8 BOOK |9 77922 |a UTBZL |b UTBZL |c 006 |d 2007-11-30 |i 420010110458 |l 1 |o 37(03)/POLÁKOVÁ,J. |p 420010113181 |r 2019-08-26 00:00:00 |v 250.00 |w 2019-08-26 |x N:nákup | 20100831 |y 04 | ||
| 952 | |0 0 |1 0 |4 0 |6 80132ČNNČ |7 0 |8 BOOK |9 77923 |a UTBZL |b UTBZL |c 020 |d 2007-10-24 |l 1 |m 3 |o 801.32/Č-N,N-Č |p 420010111691 |q 2029-12-31 |r 2019-08-26 00:00:00 |v 250.00 |w 2019-08-26 |x oprava signatury | N:nákup | 20100531 |y 08 | ||
| 992 | |a BK |b SK |d 3 | ||
| 999 | |c 33845 |d 33845 | ||